| 000 | 00768nam a22001457a 4500 | ||
|---|---|---|---|
| 020 | _a0-06-106583-8 | ||
| 082 |
_a823 _bMAR/C |
||
| 100 | _aDOOLITTLE, JUNE | ||
| 245 |
_aTHE NEW ADVENTURES OF MARY-KATE & ASHLEY _bTHE CASE OF THE GREAT ELEPHANT ESCAPE |
||
| 260 |
_aNEW YORK _bPARACHUTE PRESS BOOK _c1999 |
||
| 300 | _a83 | ||
| 520 | _aWhere in the world could someone hide an elephant? That's what Ashley and I had to find out. The circus was in town, and their newest star -- Maysie, the baby elephant-was missing! It was our biggest mystery yet! We had to find Maysie before show time -- which was only two hours away! No problem. It shouldn't be too hard to find something that weighs a ton, right? Wrong! | ||
| 650 |
_aNOVEL _zUNITED STATES |
||
| 942 | _cBK | ||
| 999 |
_c2353 _d2353 |
||